Sports Quiz

Random Sports or Basketball Quiz
Score 0/28 Timer 05:00
13 Plays Today
% Correct
Los Angeles Clippers & Lakers
87.2%
Miami Heat
87%
Golden State Warriors
84.2%
Houston Rockets
84.1%
San Antonio Spurs
83.9%
Dallas Mavericks
83.6%
Brooklyn Nets & New York Knicks
83.1%
Utah Jazz
82.8%
Orlando Magic
82.5%
Sacramento Kings
82.4%
Oklahoma City Thunder
82.3%
Phoenix Suns
81.9%
Boston Celtics
81.7%
Portland Trail Blazers
80.9%
% Correct
Chicago Bulls
80.8%
New Orleans Pelicans
80.4%
Indiana Pacers
79.6%
Atlanta Hawks
79.6%
Cleveland Cavaliers
79.2%
Minnesota Timberwolves
79.1%
Denver Nuggets
78.8%
Detroit Pistons
78.3%
Toronto Raptors
77.6%
Charlotte Hornets
77.2%
Philadelphia 76ers
75.1%
Milwaukee Bucks
74.7%
Washington Wizards
71.8%
Memphis Grizzlies
70.6%
Remove Ads.
Support Sporcle.
Get the best of Sporcle when you Go Orange. This ad-free experience offers more features, more stats, and more fun while also helping to support Sporcle. Thank you for becoming a member.

You're not logged in!

Compare scores with friends on all Sporcle quizzes.
OR
Log In

Sporcle TV

Today on Sporcle TV


Watch our educational content, quiz creation guides, and fun videos on Sporcle TV.

Show Comments

Extras

Top Quizzes Today


Score Distribution

Paid Content

Your Account Isn't Verified!

In order to create a playlist on Sporcle, you need to verify the email address you used during registration. Go to your Sporcle Settings to finish the process.

Report this User

Report this user for behavior that violates our Community Guidelines.

Details: